Action taken by Government on the recommendations contained in the third Report of the Committee on Public Undertakings (third Lok Sabha); (Record no. 88246)

MARC details
000 -LEADER
fixed length control field 00792cam a2200205 4500
001 - CONTROL NUMBER
control field sa 68018216
003 - CONTROL NUMBER IDENTIFIER
control field DLC
005 - DATE AND TIME OF LATEST TRANSACTION
control field 20260227112709.0
008 - FIXED-LENGTH DATA ELEMENTS--GENERAL INFORMATION
fixed length control field 710701s1968 ii 00000 eng
010 ## - LIBRARY OF CONGRESS CONTROL NUMBER
LC control number sa 68018216 //r84
025 ## - OVERSEAS ACQUISITION NUMBER
Overseas acquisition number PL480:I-F-E-133
050 0# - LIBRARY OF CONGRESS CALL NUMBER
Classification number HE945.S48
Item number I49
110 10 - MAIN ENTRY--CORPORATE NAME
Corporate name or jurisdiction name as entry element India.
Subordinate unit Parliament.
-- Committee on Public Undertakings.
245 00 - TITLE STATEMENT
Title Action taken by Government on the recommendations contained in the third Report of the Committee on Public Undertakings (third Lok Sabha);
Remainder of title Shipping Corporation of India ltd., Ministry of Transport & Shipping.
260 0# - PUBLICATION, DISTRIBUTION, ETC.
Place of publication, distribution, etc. New Delhi,
Name of publisher, distributor, etc. Lok Sabha Secretariat,
Date of publication, distribution, etc. 1968.
300 ## - PHYSICAL DESCRIPTION
Extent v, 36 p.
Dimensions 24 cm.
410 11 - SERIES STATEMENT/ADDED ENTRY--CORPORATE NAME [OBSOLETE, CAN/MARC], [LOCAL, USA]
Corporate name or jurisdiction name as entry element Its
Title of a work Report,
Volume number/sequential designation 4th Lok Sabha, 18
500 ## - GENERAL NOTE
General note Cover title.
610 20 - SUBJECT ADDED ENTRY--CORPORATE NAME
Corporate name or jurisdiction name as entry element Shipping Corporation of India, ltd.

No items available.

Powered by Koha